000 00393nam a22001457a 4500
005 20200608120321.0
008 200608b xxu||||| |||| 00| 0 eng d
082 _a345.4
110 _aALL INDIA REPORTER
_95866
245 _aALL INDIA REPORTER ; 2009 (V-96) HIMACHAL PRADESH SECTION
260 _aMUMBAI
_bALL INDIA REPORTER,PVT. LTD.
300 _a208;p
650 _aLAW
_95701
942 _cJRL
999 _c6928
_d6926